000 00358 a2200157 4500
001 59952
020 _a9783190016587
040 _cAnchieta - Pituba
100 _aVicente, Sara
240 1 0 _aDeutsch.com 1
_lpor
245 1 0 _aDeutsch.com 1
300 _a132
362 0 _a2008
650 4 _aLínguas germânicas (teutônicas) língua alemã
942 _cBK
999 _c59952
_d59952